Continuation and Bifurcations Numerical Techniques and Applications
Gespeichert in:
| Hauptverfasser: | , , |
|---|---|
| Format: | Buch |
| Sprache: | Englisch |
| Veröffentlicht: |
Dordrecht :
Kluwer Academic Publishers,
1990
|
| Schriftenreihe: | NATO ASI Series. Series C:Mathematical and Physical Sciences
Vol. 313. |
| Tags: |
Keine Tags, Fügen Sie das erste Tag hinzu!
|
MARC
| LEADER | 00000nam a22000003a 4500 | ||
|---|---|---|---|
| 001 | stu25750 | ||
| 005 | 20150617225746.1 | ||
| 008 | 980522s1990------------------------eng-d | ||
| 020 | |a 0-7923-0855-7 | ||
| 040 | |a STU |b slo | ||
| 041 | 0 | |a eng | |
| 080 | |a 519.61 | ||
| 100 | 1 | |a Roose, Dirk |4 aut | |
| 245 | 1 | |a Continuation and Bifurcations Numerical Techniques and Applications | |
| 260 | |a Dordrecht : |b Kluwer Academic Publishers, |c 1990 | ||
| 300 | |a 426 s | ||
| 500 | |a Obr.,tab.,grafy,lit.,index | ||
| 700 | 1 | |a De Dier, Bart |4 aut | |
| 700 | 1 | |a Spence, Alastair |4 aut | |
| 830 | 0 | |a NATO ASI Series. Series C:Mathematical and Physical Sciences |v Vol. 313. | |
| 996 | |b C95377 |c C*95377 |l CCXX |s P |a 0 |w stu25750_0001 | ||